| 000 | 00604nam a2200181 i 4500 | ||
|---|---|---|---|
| 001 | 51944 | ||
| 003 | ES-MaACL | ||
| 005 | 20250821111800.0 | ||
| 007 | t| | ||
| 008 | 030821s1924 sp ||||1| spa d | ||
| 100 | 1 |
_aChicote, César. _938494 |
|
| 245 | 1 | 3 |
_aLa vivienda insalubre en Madrid / _cmemoria presentada por César Chicote ; prólogo del Vizconde de Eza. |
| 260 |
_aMadrid : _b[s.n.], _c1924 ( _fImp. Municipal) |
||
| 300 |
_a124 p. : _bil. ; _c27 cm. |
||
| 700 | 1 |
_aEza, Luis Marichalar y Monreal, _cVizconde de, _d1873-1945 _976705 |
|
| 852 |
_aES-MaACL _j1824-F-5 |
||
| 999 |
_c51944 _d51944 |
||